000 00708cab a2200229 4500
001 ABS54881
008 090401t1996 xxu||||| |||| 00| 0 eng d
035 _a(Sirsi) u12756
041 _aeng
100 _aMacneil, J.
245 _aAustralian export
260 _c1996
350 _a0
490 _aBuilding
_v261(7938) 26 April 1996, 22-25(4)
520 _aA focus on the corporate approach of Lend Lease, an Australian developer, to the construction of the Bluewater shopping centre near Dartford.
650 _aBLUEWATER SHOPPING CENTRE
650 _aCORPORATE STRATEGIES
650 _aLEND LEASE PROJECTS
690 _aBUILDING AND CONSTRUCTION-PROJECTS
942 _n0
948 _c04/03/1997
999 _c8171
_d8171